000 00613nam a2200193 i 4500
001 59688
003 ES-MaACL
005 20230906164100.0
007 t|
008 031030s1967 sp ||||1| spa d
100 1 _aElcarte, Florentino.
_946909
245 1 0 _aAsesoramiento pastoral moderno
_b: teoría y práctica /
_cFlorentino Elcarte.
260 _a[Bilbao] :
_bDesclée de Brouwer,
_c1967.
300 _a216 p. ;
_c19 cm.
490 1 _aBiblioteca estudios pastorales ;
_v41
830 0 _aBiblioteca estudios pastorales ;
_v41
_9230529
852 _aES-MaACL
_jC-33647
_bR.64593
999 _c59688
_d59688